000 00982nam a22002537a 4500
003 UA-OsUOA
001 28099
007 ta
008 20040924b un ||||| |||| 00| 0 ukr d
100 _aКерножицкая Ольга Андреевна
090 _a81'36.111
_bК36
942 _cBK
040 _aUA-OsUOA
_beng
_cUA-OsUOA
_dUA-OsUOA
245 _aАнглийский язык. Задание по грамматике (временные и неличные формы глагола в схеме, таблицах и упражнениях)
_bДля абитуриентов, слушателей курсов, студентов филологических факультетов.
_cРец. Ю. Ю.Романовская
300 _a256 с.
_bІлюстрації
955 _a0
041 _aeng
080 _a81'36.111
020 _a966-7145-06-9
260 _aКиев
_bТандем
_c1997
044 _aUA
650 7 _2UDC
999 _c314456
_d314456